El futuro de la Cuenca del Caribe según la administración Reagan
Sábháilte in:
| Formáid: | Téacs |
|---|---|
| Foilsithe / Cruthaithe: |
s.l.:
Centro de Estudios Económicos y Sociales del Tercer Mundo
|
| Clibeanna: |
Cuir clib leis
Níl clibeanna ann, Bí ar an gcéad duine le clib a chur leis an taifead seo!
|
MARC
| LEADER | 00000 a a2200000 04500 | ||
|---|---|---|---|
| 001 | 24874 | ||
| 003 | |||
| 040 | |||
| 090 | |a 178800 | ||
| 245 | |a El futuro de la Cuenca del Caribe según la administración Reagan | ||
| 260 | |a s.l.: |b Centro de Estudios Económicos y Sociales del Tercer Mundo | ||
| 300 | |a pp. 10-56 | ||
| 999 | |c 15181 |d 15181 | ||
